000 00363 a2200169 4500
001 186573
020 _a85-11-30001-5
040 _cMagnum
100 _aLobato, Monteiro
240 1 0 _aNarizinho arrebitado
_lpor
245 1 0 _aNarizinho arrebitado
300 _a22
362 0 _a2001
440 1 _aBrasiliense
697 _aLITERATURA INFANTO
942 _cBK
999 _c186573
_d186573